| 000 | nam a22 a 4500 | ||
|---|---|---|---|
| 999 |
_c429412 _d429412 |
||
| 003 | BLK | ||
| 005 | 20210820162819.0 | ||
| 008 | 210820b bu |||||r|||| 00| | bu d | ||
| 040 | _aBLK | ||
| 041 |
_aBUL _cBUL |
||
| 080 |
_aБългарска литература _b821.163.2 _x(081) _z821.163.2(081) |
||
| 100 |
_91299 _aКитанчев, Трайко Цветков _eпърви автор |
||
| 139 | _aКитанчев, Трайко Цветков | ||
| 245 |
_aСъчинения на _bТрайчо Китанчев _cнарежда Юрдан Иванов |
||
| 260 |
_9215574 _aСофия _bкниж. Д. Голов _c1898 _fСофия: Ив. Г. Говедаров |
||
| 300 |
_a59, 349, II с. _b1 л. портр. _c23 см |
||
| 380 | _aX | ||
| 490 |
_9435080 _aКолекция Редки и ценни издания |
||
| 700 |
_9690 _aИванов, Юрдан _eнарежда |
||
| 852 |
_aРб 898 _bРц |
||
| 942 |
_cKNG _n0 _s1 |
||
| 944 |
_aCR _c2021-08-20 _kА.М. |
||